The structure of accounting language
Zapisane w:
| 1. autor: | |
|---|---|
| Format: | Książka |
| Język: | Undetermined |
| Wydane: |
Tokyo
Chuo University Press
1982
|
| Hasła przedmiotowe: | |
| Etykiety: |
Dodaj etykietę
Nie ma etykietki, Dołącz pierwszą etykiete!
|
| Thư viện lưu trữ: | Trung tâm Học liệu Trường Đại học Cần Thơ |
|---|
| LEADER | 00485nam a2200181Ia 4500 | ||
|---|---|---|---|
| 001 | CTU_77504 | ||
| 008 | 210402s9999 xx 000 0 und d | ||
| 082 | |a 657 | ||
| 082 | |b T161 | ||
| 100 | |a Tanaka, Shigetsugu | ||
| 245 | 4 | |a The structure of accounting language | |
| 245 | 0 | |c Shigetsugu Tanaka | |
| 260 | |a Tokyo | ||
| 260 | |b Chuo University Press | ||
| 260 | |c 1982 | ||
| 650 | |a Accounting | ||
| 904 | |i Trọng Hải | ||
| 980 | |a Trung tâm Học liệu Trường Đại học Cần Thơ | ||